| 000 | 00678nam a22002417a 4500 | ||
|---|---|---|---|
| 005 | 20220208105050.0 | ||
| 008 | 220201b ||||| |||| 00| 0 eng d | ||
| 020 | _a8186172068 | ||
| 040 | _cAL | ||
| 041 | _aeng | ||
| 082 |
_223 _a954.04 _bCHAY |
||
| 100 |
_aY B Chavan _917642 |
||
| 100 |
_dPRADHAN (R D) Ed. _915614 |
||
| 245 | _aY B Chavan: Selected Speeches in Parliament: Defence and Home Minister | ||
| 260 |
_aPune _bAmeya Prakashan _c1995 |
||
| 300 |
_axiv,255p. _bHB _c23x16 cm. |
||
| 440 | _vVol 1 | ||
| 650 |
_aSpeeches _915615 |
||
| 650 |
_aIndian History _915616 |
||
| 700 |
_aCHAVAN (Y B) _915617 |
||
| 700 |
_aPRADHAN (R D) Ed _915614 |
||
| 942 |
_2ddc _cGF |
||
| 999 |
_c221400 _d221400 |
||